[Event "URU-chT"]
[Site "Montevideo"]
[Date "2023.07.21"]
[Round "1.4"]
[White "Zecharies, Alexis"]
[Black "Ramos Correa, Gabriel"]
[Result "0-1"]
[WhiteElo "1853"]
[BlackElo "1938"]
[PlyCount "98"]
[EventDate "2023.07.21"]
[EventType "team-tourn"]
[EventRounds "5"]
[EventCountry "URU"]
[SourceTitle "CBM 215 Extra"]
[Source "ChessBase"]
[SourceDate "2023.09.30"]
[SourceVersion "1"]
[SourceVersionDate "2023.09.30"]
[SourceQuality "1"]
[WhiteTeam "Banco Republica"]
[BlackTeam "Trebejos II"]
[WhiteTeamCountry "URU"]
[BlackTeamCountry "URU"]

1. d4 Nf6 2. Nf3 e6 3. e3 b6 4. Bd3 Bb7 5. Nbd2 d5 6. 0-0 Bd6 7. Qe2 Nbd7 8. e4 dxe4 9. Nxe4 Nxe4 10. Bxe4 Bxe4 11. Qxe4 0-0 12. Bg5 Be7 13. Bxe7 Qxe7 14. Rfe1 Nf6 15. Qe2 c5 16. Rad1 Rfd8 17. Ne5 Rac8 18. dxc5 Qxc5 19. c3 Qc7 20. Rxd8+ Rxd8 21. Rd1 h6 22. Rxd8+ Qxd8 23. Qd3 Qc7 24. Qd4 Kf8 25. h3 Ne8 26. b3 Qd6 27. Qxd6+ Nxd6 28. c4 Ke8 29. f3 f6 30. Nd3 Kd7 31. Kf2 Nb7 32. h4 g5 33. h5 Kd6 34. Ke3 Nc5 35. g4 Nxd3 36. Kxd3 Kc5 37. a3 a5 38. Kc3 f5 39. b4+ Kd6 40. gxf5 exf5 41. Kd4 a4 42. c5+ bxc5+ 43. bxc5+ Ke6 44. c6 Kd6 45. c7 Kxc7 46. Ke5 f4 47. Kf5 Kd6 48. Kg6 g4 49. Kxh6 gxf3 0-1

[Event "Montevideo Trebejos 50 Anniv op"]
[Site "Montevideo"]
[Date "2022.09.24"]
[Round "8"]
[White "Ramos Correa, Gabriel"]
[Black "Lanzilotta, Filippo"]
[Result "1-0"]
[WhiteElo "1876"]
[BlackElo "1425"]
[PlyCount "65"]
[EventDate "2022.09.17"]
[EventType "swiss"]
[EventRounds "9"]
[EventCountry "URU"]
[SourceTitle "EXT 2023"]
[Source "ChessBase"]
[SourceDate "2022.10.05"]
[SourceVersion "1"]
[SourceVersionDate "2022.10.05"]
[SourceQuality "1"]

1. d4 d5 2. Nc3 Nf6 3. Bf4 c5 4. e3 a6 5. Nf3 Qb6 6. Na4 Qa5+ 7. c3 e6 8. Nxc5 Bxc5 9. dxc5 Qxc5 10. Qd4 Qxd4 11. exd4 0-0 12. Bd3 Nc6 13. 0-0 Re8 14. Rfe1 Bd7 15. h3 b5 16. b4 Rec8 17. Bd6 Nd8 18. Rec1 Rc6 19. Bc5 Nb7 20. a4 bxa4 21. Ne5 Rcc8 22. Nxd7 Nxd7 23. Rxa4 a5 24. Rca1 Ndxc5 25. bxc5 e5 26. Bb5 f6 27. Bd7 Rd8 28. Bc6 Ra7 29. Rb1 Nxc5 30. dxc5 Rc7 31. Rb6 Rdc8 32. Bxd5+ Kf8 33. c6 1-0

[Event "Montevideo Trebejos 50 Anniv op"]
[Site "Montevideo"]
[Date "2022.09.19"]
[Round "3"]
[White "Bon, Charles"]
[Black "Ramos Correa, Gabriel"]
[Result "0-1"]
[WhiteElo "1535"]
[BlackElo "1876"]
[PlyCount "110"]
[EventDate "2022.09.17"]
[EventType "swiss"]
[EventRounds "9"]
[EventCountry "URU"]
[SourceTitle "EXT 2023"]
[Source "ChessBase"]
[SourceDate "2022.10.05"]
[SourceVersion "1"]
[SourceVersionDate "2022.10.05"]
[SourceQuality "1"]

1. e4 c5 2. Nf3 d6 3. d3 g6 4. g3 Bg7 5. Bg2 Nc6 6. 0-0 e5 7. h3 Nge7 8. c3 0-0 9. Na3 Kh8 10. Nc2 f5 11. exf5 Bxf5 12. g4 Be6 13. d4 cxd4 14. cxd4 Nd5 15. dxe5 dxe5 16. Ng5 Bg8 17. Ne4 Nf4 18. Qxd8 Raxd8 19. Be3 Nxg2 20. Kxg2 Bc4 21. Rfe1 Bd5 22. f3 Nd4 23. Nxd4 exd4 24. Bd2 Rc8 25. Rec1 Rxc1 26. Rxc1 Bc6 27. b3 Re8 28. Re1 Bd5 29. Nd6 Rf8 30. Ne4 Re8 31. Nd6 Rxe1 32. Bxe1 Bh6 33. Ne4 Bf4 34. Bd2 Be5 35. Ng3 Kg8 36. Ne2 Kf7 37. Nc1 Bc6 38. Nd3 Bd6 39. Kf2 b6 40. Bb4 Bc7 41. Bd2 Bb7 42. Bf4 Bxf4 43. Nxf4 Kf6 44. h4 h6 45. Nd3 g5 46. hxg5+ hxg5 47. Ke2 Ba6 48. Kd2 Bxd3 49. Kxd3 Ke5 50. b4 b5 51. a3 a6 52. f4+ gxf4 53. g5 f3 54. g6 Kf6 55. g7 Kxg7 0-1

[Event "Montevideo Miercoles Trebejos 2nd"]
[Site "Montevideo"]
[Date "2022.08.24"]
[Round "6"]
[White "Ramos Correa, Gabriel"]
[Black "Dominguez, Facundo"]
[Result "1/2-1/2"]
[WhiteElo "1825"]
[BlackElo "2171"]
[PlyCount "136"]
[EventDate "2022.07.20"]
[EventType "swiss"]
[EventRounds "6"]
[EventCountry "URU"]
[SourceTitle "EXT 2024"]
[Source "ChessBase"]
[SourceDate "2023.10.10"]
[SourceVersion "1"]
[SourceVersionDate "2023.10.10"]
[SourceQuality "1"]

1. d4 d6 2. c4 e5 3. e3 Nd7 4. Nc3 Ngf6 5. Nf3 Be7 6. Bd3 0-0 7. 0-0 c6 8. Qc2 Qc7 9. b3 Re8 10. Bb2 Nf8 11. dxe5 dxe5 12. Ne4 Nxe4 13. Bxe4 Bf6 14. c5 Bg4 15. Nd2 Be6 16. Rfd1 Rad8 17. Nc4 Bxc4 18. Qxc4 Ne6 19. b4 a6 20. Qe2 Qe7 21. Rxd8 Rxd8 22. Rd1 Nc7 23. Bc2 Nd5 24. a3 g6 25. e4 Nf4 26. Rxd8+ Qxd8 27. Qd1 Qe7 28. Bb3 Kg7 29. Bc4 h5 30. Bc1 h4 31. Qd6 Qxd6 32. cxd6 Ne6 33. Be3 Kf8 34. a4 Ke8 35. Kf1 Kd7 36. Bc5 Bd8 37. Bxe6+ Kxe6 38. a5 f5 39. f3 Bg5 40. Ke2 Bh6 41. Kd3 Kd7 42. Kc4 Bf8 43. exf5 gxf5 44. Bf2 h3 45. gxh3 Bxd6 46. h4 Ke6 47. h5 Kf7 48. Be3 Be7 49. Bd2 Kg8 50. h4 Kf7 51. Bg5 Bf8 52. Kc3 Ke6 53. Kc4 Bd6 54. Bd2 Bf8 55. Bg5 Bd6 56. Bd2 e4 57. fxe4 fxe4 58. h6 Kf7 59. Kd4 Kg6 60. Kxe4 Be7 61. Ke5 c5 62. bxc5 Bxc5 63. Ke6 b6 64. axb6 Bxb6 65. Kd5 Kh7 66. Kc6 Bd4 67. Kb7 a5 68. Bxa5 Kxh6 1/2-1/2

[Event "Montevideo Trebejos op 05"]
[Site "Montevideo"]
[Date "2022.05.13"]
[Round "1"]
[White "Mazzeo, Jose"]
[Black "Ramos Correa, Gabriel"]
[Result "0-1"]
[WhiteElo "1429"]
[BlackElo "1821"]
[PlyCount "48"]
[EventDate "2022.05.13"]
[EventType "swiss"]
[EventRounds "6"]
[EventCountry "URU"]
[SourceTitle "EXT 2024"]
[Source "ChessBase"]
[SourceDate "2023.10.10"]
[SourceVersion "1"]
[SourceVersionDate "2023.10.10"]
[SourceQuality "1"]

1. d4 d5 2. c4 e6 3. Nc3 c5 4. Nf3 Nc6 5. Bg5 Be7 6. Bxe7 Ngxe7 7. e3 0-0 8. Bd3 g6 9. 0-0 b6 10. b3 Bb7 11. Bc2 Ba6 12. Nb5 Rc8 13. Re1 cxd4 14. exd4 Nb4 15. Bd3 dxc4 16. Bxc4 Bxb5 17. Bxb5 Nc2 18. Ne5 Nxe1 19. Qxe1 Qxd4 20. Rd1 Qc3 21. Qe2 Nd5 22. Bc4 Rfd8 23. Rd3 Nf4 24. Qf3 Qc1+ 0-1

[Event "Montevideo Trebejos op 09"]
[Site "Montevideo"]
[Date "2021.09.11"]
[Round "3"]
[White "Guerrero, Alvaro"]
[Black "Ramos Correa, Gabriel"]
[Result "1-0"]
[WhiteElo "2116"]
[BlackElo "1844"]
[PlyCount "93"]
[EventDate "2021.09.10"]
[EventType "swiss"]
[EventRounds "5"]
[EventCountry "URU"]
[SourceTitle "CBM 204 Extra"]
[Source "ChessBase"]
[SourceDate "2021.11.30"]
[SourceVersion "1"]
[SourceVersionDate "2021.11.30"]
[SourceQuality "1"]

1. e4 c5 2. d3 Nc6 3. Nf3 d6 4. g3 g6 5. Bg2 Bg7 6. 0-0 e5 7. c3 Nge7 8. Nbd2 0-0 9. a4 h6 10. Qe2 Be6 11. h3 Qc7 12. Re1 a6 13. b3 Rad8 14. Ba3 b6 15. b4 Kh7 16. Rec1 Qa7 17. b5 axb5 18. axb5 Na5 19. c4 Qd7 20. Kh2 Ra8 21. Bb2 Nb7 22. Qd1 Rfb8 23. Rc3 Rxa1 24. Qxa1 Nd8 25. Ra3 Nc8 26. Ne1 Rb7 27. f4 Ra7 28. Ra6 Rxa6 29. bxa6 Nc6 30. Nc2 Qa7 31. f5 Bd7 32. h4 Nb8 33. Bh3 gxf5 34. exf5 f6 35. Qd1 Be8 36. Ne4 Qxa6 37. Na3 Qa4 38. Qe2 Qb3 39. g4 Bc6 40. Bg2 Bxe4 41. Bxe4 Na7 42. g5 b5 43. gxf6 Bxf6 44. Qg2 Nd7 45. Qg6+ Kh8 46. Qxh6+ Kg8 47. Bd5# 1-0

[Event "Montevideo Trebejos op 03"]
[Site "Montevideo"]
[Date "2021.07.14"]
[Round "6"]
[White "Topolansky, Juan"]
[Black "Ramos Correa, Gabriel"]
[Result "0-1"]
[WhiteElo "1842"]
[BlackElo "1834"]
[PlyCount "86"]
[EventDate "2021.03.08"]
[EventType "swiss"]
[EventRounds "6"]
[EventCountry "URU"]
[SourceTitle "EXT 2022"]
[Source "ChessBase"]
[SourceDate "2021.10.06"]
[SourceVersion "1"]
[SourceVersionDate "2021.10.06"]
[SourceQuality "1"]

1. e4 c5 2. Nf3 d6 3. d4 cxd4 4. Nxd4 Nf6 5. Nc3 a6 6. Be2 e6 7. 0-0 Be7 8. Be3 0-0 9. Qd2 Nc6 10. Rad1 Qc7 11. f4 Rd8 12. Kh1 Bd7 13. Nf3 Be8 14. Qe1 b5 15. a3 Rac8 16. h3 Nd7 17. Qf2 Na5 18. f5 Nc4 19. Bc1 Nxa3 20. fxe6 fxe6 21. Nd4 Nf8 22. Bg4 Qd7 23. Qxf8+ Bxf8 24. Bxe6+ Bf7 25. Bxd7 Rxd7 26. Rf2 Nc4 27. Nd5 Re8 28. b3 Ne5 29. Bb2 Ng6 30. Re2 Ne7 31. Nf4 Nc8 32. Ra1 Rde7 33. Rxa6 Rxe4 34. Rxe4 Rxe4 35. Nd3 Bd5 36. Nxb5 Bb7 37. Ra4 Re2 38. Rg4 Rxc2 39. Nd4 Rd2 40. Rg3 Bxg2+ 41. Rxg2 Rxd3 42. Ne6 Rxh3+ 43. Kg1 g6 0-1

[Event "Montevideo Contra el Bicho op"]
[Site "Montevideo"]
[Date "2020.08.28"]
[Round "1"]
[White "Fontora, Richard"]
[Black "Ramos Correa, Gabriel"]
[Result "0-1"]
[WhiteElo "1263"]
[BlackElo "1828"]
[PlyCount "80"]
[EventDate "2020.08.28"]
[EventType "swiss"]
[EventRounds "6"]
[EventCountry "URU"]
[SourceTitle "EXT 2021"]
[Source "ChessBase"]
[SourceDate "2020.10.23"]
[SourceVersion "1"]
[SourceVersionDate "2020.10.23"]
[SourceQuality "1"]

1. d4 Nf6 2. Nf3 d5 3. e3 e6 4. Bd3 Bd6 5. b3 0-0 6. Nbd2 Nbd7 7. 0-0 e5 8. dxe5 Nxe5 9. Bb2 Nxd3 10. cxd3 Re8 11. Re1 Bg4 12. h3 Bh5 13. e4 dxe4 14. Nxe4 Nxe4 15. dxe4 Bb4 16. Re3 Qxd1+ 17. Rxd1 Bxf3 18. gxf3 Rad8 19. Red3 Rxd3 20. Rxd3 Bd6 21. Rd5 f6 22. h4 Kf7 23. Bd4 Rd8 24. Kg2 Be7 25. Rxd8 Bxd8 26. Bxa7 b6 27. Bb8 Ke6 28. f4 Kd7 29. Kf3 Kc8 30. Ba7 Kb7 31. Bxb6 cxb6 32. Ke3 Kc6 33. a4 Kc5 34. Kd3 Kb4 35. Kc2 Bc7 36. f5 b5 37. Kb2 Be5+ 38. Kc2 Bd4 39. f3 Be5 40. f4 Bxf4 0-1

[Event "Montevideo Nazzari Cup"]
[Site "Montevideo"]
[Date "2019.10.17"]
[Round "4"]
[White "Ramos Correa, Gabriel"]
[Black "Vaz Lacuesta, Leonardo"]
[Result "0-1"]
[WhiteElo "1889"]
[BlackElo "2103"]
[PlyCount "96"]
[EventDate "2019.10.14"]
[EventType "swiss"]
[EventRounds "7"]
[EventCountry "URU"]
[SourceTitle "CBM 192 Extra"]
[Source "Chessbase"]
[SourceDate "2019.11.06"]
[SourceVersion "1"]
[SourceVersionDate "2019.11.06"]
[SourceQuality "1"]

1. d4 d5 2. c4 c6 3. Nc3 Nf6 4. Nf3 a6 5. e3 dxc4 6. Bxc4 b5 7. Bd3 e6 8. e4 Be7 9. 0-0 Bb7 10. Re1 c5 11. e5 Nfd7 12. Be4 Bxe4 13. Nxe4 cxd4 14. Qxd4 Nc6 15. Qc3 Rc8 16. Nd6+ Bxd6 17. exd6 Nce5 18. Qa3 Nxf3+ 19. Qxf3 0-0 20. Qg3 Qf6 21. Bg5 Qxb2 22. Rab1 Qc3 23. Re3 Qc2 24. Rbe1 Rc6 25. Be7 Rfc8 26. a3 Qd2 27. h3 h6 28. R3e2 Qd5 29. Kh2 Rc3 30. Re3 R3c4 31. Rd3 Qc6 32. Rde3 a5 33. Rb1 b4 34. axb4 axb4 35. Ra1 Rc3 36. Ra7 Rc4 37. Rc7 Rxc7 38. dxc7 e5 39. Bd8 f6 40. Qg6 Nf8 41. Qb1 Ne6 42. Rb3 Nf4 43. f3 Nd5 44. Qa2 Kh8 45. Qa7 Rc2 46. Qb8 Kh7 47. Qa7 Nf4 48. c8Q Qxc8 0-1

[Event "Montevideo Trebejos op 06"]
[Site "Montevideo"]
[Date "2019.06.21"]
[Round "2"]
[White "Avedisian, Alexander"]
[Black "Ramos Correa, Gabriel"]
[Result "1-0"]
[WhiteElo "1817"]
[BlackElo "1950"]
[PlyCount "121"]
[EventDate "2019.06.19"]
[EventType "swiss"]
[EventRounds "7"]
[EventCountry "URU"]
[SourceTitle "EXT 2020"]
[Source "ChessBase"]
[SourceDate "2019.10.17"]
[SourceVersion "1"]
[SourceVersionDate "2019.10.17"]
[SourceQuality "1"]

1. g3 g6 2. Bg2 Bg7 3. c4 c5 4. Nc3 Nc6 5. a3 e6 6. Rb1 a5 7. d3 Nge7 8. Nf3 0-0 9. 0-0 d5 10. Bd2 b6 11. Nb5 Ba6 12. b4 axb4 13. axb4 Bxb5 14. cxb5 Nxb4 15. Bxb4 cxb4 16. Rxb4 Qd6 17. Ra4 Qd7 18. Qb3 Qb7 19. Rxa8 Rxa8 20. Rc1 Ra5 21. d4 Qd7 22. Rb1 Nf5 23. e3 Nd6 24. Bf1 f6 25. Nd2 Bh6 26. Qb4 Bf8 27. Qb2 Qa7 28. Qc2 Ra2 29. Rb2 Rxb2 30. Qxb2 Qa4 31. Qc1 Qb4 32. Bh3 Kf7 33. Qc7+ Be7 34. Qd7 Qxd2 35. Bxe6+ Kf8 36. Bxd5 Qc1+ 37. Kg2 Qc8 38. Qa7 Qd8 39. Bc6 Kg7 40. Qa4 Qc7 41. Qb3 Qc8 42. e4 Qg4 43. h3 Qc8 44. g4 Nf7 45. Bd5 Nd8 46. Qd3 Qd7 47. f4 Ne6 48. Kf3 Qd6 49. Bxe6 Qxe6 50. d5 Qd6 51. g5 Qd7 52. Kg2 fxg5 53. Qd4+ Bf6 54. e5 gxf4 55. exf6+ Kf7 56. Qe5 f3+ 57. Kf2 Qa7 58. Qe6+ Kf8 59. d6 Qf7 60. Qc8+ Qe8 61. d7 1-0